000 02704cam a2200361 i 4500
999 _c14059
_d14059
003 OSt
005 20260327163502.0
008 190424t20202020enka b 001 0 eng d
020 _a9780500204603
_q(paperback)
035 _a20945969
035 _a(OCoLC)1140149090
042 _alccopycat
050 0 0 _aNK1980
_b.M37 2020
082 0 4 _a747.0904
_223
084 _aJ535.1
_2clc
100 1 _aMassey, Anne,
_d1956-
_eauthor.
245 1 0 _aInterior design since 1900 /
_cAnne Massey.
250 _aFourth edition ; new edition.
300 _a271 pages :
_billustrations (chiefly colour) ;
_c21 cm.
490 1 _aWorld of art
500 _aPrevious edition: 2008.
504 _aIncludes bibliographical references and index.
505 0 _aReforming Victorian taste -- The search for a new style -- The modern movement -- Art deco and the moderne -- The emergence of interior decoration as a profession -- Post-war modernism -- Consumer culture -- The post-modern era -- The sustainability of interior design -- Transnational interiors.
520 _a"From the 19th-century Arts and Crafts movement to the present day, and from Art Nouveau and Bauhaus to hi-tech and green design, every style of interior design since 1900 is charted in this wide-ranging survey. Design in the 20th century saw an extraordinary evolution, with the emergence of professional interior designers and the growing appetite to redesign homes at frequent intervals. In recent decades the focus has been on sustainable design in public spaces such as offices, factories and ships. Anne Massey explores these developments in social, political, economic and cultural contexts. More than 200 illustrations of interiors from around the world, from William Morris's drawing room to a 21st-century aircraft, reveal the fundamental changes in taste and style from Art Deco to Pop and from the Streamline Moderne to Post-Modernism. This volume has been a classic introduction to the subject for almost thirty years. The new, fourth edition is brought up to date with a chapter on transnational design, encompassing mid-century modernist work in Singapore and Sri Lanka as well as very recent interiors for spaces as varied as luxury hotels in Dubai and a contemporary art museum in Cape Town. Anne Massey shows how a shared language of design and cutting-edge technology are reshaping interiors around the globe." --
648 7 _a1900-1999
_2fast
650 0 _aInterior decoration
_xHistory
_y20th century.
650 7 _aInterior decoration
_xHistory
_z20th century.
_2cct
650 7 _aInterior decoration.
_2fast
650 7 _aInterieurkunst
_2gtt
655 7 _aHistory.
_2fast
830 0 _aWorld of art.
942 _2ddc